01001cam a2200253 450000500170000000800420001702000290005902000290008805000210011724501020013825000110024026000470025126000390029830000280033750400420036565000300040770000390043770000400047670000520051670000480056870000430061670000400065970000480069920231025104531.0081106t20032003 sp a 000 0 spa u a9786076227336 (México) a9788493987237 (España)04aHM1033bP75 201700aPsicología social de los problemas sociales c / Carlos Yela García ... [et al.] coordinador. a1a ed. aMéxico :bAlfaomega Grupo Editor,c2017 aMadrid, España :bGrupo 5,c2013 a576 p. :bil. ,c23 cm. aIncluye bibliografía : p. 535-576  72lembaPsicología social1 aYela García, Carlosecoordinador1 aAyllón Alonso, Elenaecoordinador1 aCalderón García-Botey, Nuria ,ecoordinador1 aFernández Villanueva, Itziarecoordinador1 aPiñuela Sánchez, Raulecoordinador1 aSaiz Galdós, Jesúsecoordinador1 aJiménez Burillo, Florencioepróloguista